UNDERSTANDING HOSPITAL ADMINISTRATION DYNAMICS (Record no. 30764)

MARC details
000 -LEADER
fixed length control field 00415nam a22001577a 4500
003 - CONTROL NUMBER IDENTIFIER
control field SGT
020 ## - INTERNATIONAL STANDARD BOOK NUMBER
International Standard Book Number 9789380316918
082 ## - DEWEY DECIMAL CLASSIFICATION NUMBER
Classification number 658.45
Item number U23S
100 ## - MAIN ENTRY--PERSONAL NAME
Personal name SABHERWAL, NIKITA
245 ## - TITLE STATEMENT
Title UNDERSTANDING HOSPITAL ADMINISTRATION DYNAMICS
250 ## - EDITION STATEMENT
Edition statement 1ST
260 ## - PUBLICATION, DISTRIBUTION, ETC. (IMPRINT)
Place of publication, distribution, etc INDIA
Name of publisher, distributor, etc AHUJA PUB
Year of Publication 2023110
650 ## - SUBJECT ADDED ENTRY--TOPICAL TERM
Topical term or geographic name as entry element HOSPITAL MANAGEMENT
653 ## - KEYWORDS--INDEX TERM
Keyword term UNDERSTANDING HOSPITAL ADMINISTRATION DYNAMICS
942 ## - ADDED ENTRY ELEMENTS (KOHA)
Source of classification or shelving scheme Dewey Decimal Classification
Koha item type Books
Holdings
Withdrawn status Lost status Source of classification or shelving scheme Damaged status Not for loan Collection code Home library Current library Shelving location Date acquired Vendor Name Cost, normal purchase price SGTU Bill Number Full call number Accession No. (Barcode) Date last seen Bill Date Koha item type Total Checkouts
    Dewey Decimal Classification   Not For Loan MEDICAL SGT Medical Library SGT Medical Library Reference Book 11/02/2025 ABC DELHI 245.00 SGTU 20461 658.45 U23S FM15016 08/04/2025 11/02/2025 Books  
    Dewey Decimal Classification     MEDICAL SGT Medical Library SGT Medical Library Reference Book 11/02/2025 ABC DELHI 245.00 SGTU 20461 658.45 U23S FM15017 08/04/2025 11/02/2025 Books  
    Dewey Decimal Classification     MEDICAL SGT Medical Library SGT Medical Library Reference Book 11/02/2025 ABC DELHI 245.00 SGTU 20461 658.45 U23S FM15018 08/04/2025 11/02/2025 Books  
    Dewey Decimal Classification     MEDICAL SGT Medical Library SGT Medical Library Reference Book 11/02/2025 ABC DELHI 245.00 SGTU 20461 658.45 U23S FM15019 08/04/2025 11/02/2025 Books  
    Dewey Decimal Classification     MEDICAL SGT Medical Library SGT Medical Library Reference Book 11/02/2025 ABC DELHI 245.00 SGTU 20461 658.45 U23S FM15020 08/04/2025 11/02/2025 Books